| 000 | 00530nmm a2200181Ia 4500 | ||
|---|---|---|---|
| 008 | 251105s9999||||xx |||||||||||||||||und|| | ||
| 020 | _a9788499404974 | ||
| 041 | _aspa | ||
| 100 | _aDiéguez Lucena, Antonio | ||
| 245 | 0 | _aNaturaleza animal y humana | |
| 264 |
_a[Madrid, España] : _bBiblioteca Nueva, _c2014 |
||
| 300 | _a296 páginas | ||
| 650 | _aPhilosophy, Ethics | ||
| 700 | _aDiéguez Lucena, Antonio | ||
| 700 | 1 | _a Atencia, José María | |
| 856 | _uhttps://public.digitaliapublishing.com/a/38152 | ||
| 942 | _cCF | ||
| 999 |
_c64776 _d64776 |
||